Normal view
MARC view
- World politics.
Entry Topical Term
001 - CONTROL NUMBER
- control field: 25424
003 - CONTROL NUMBER IDENTIFIER
- control field: NUST
005 - DATE AND TIME OF LATEST TRANSACTION
- control field: 20191108115909.0
008 - FIXED-LENGTH DATA ELEMENTS
- fixed length control field: 191108|| aca||aabn | a|a d
040 ## - CATALOGING SOURCE
- Original cataloging agency: NUST
- Transcribing agency: NUST
150 ## - HEADING--TOPICAL TERM
- Topical term or geographic name entry element: World politics.
670 ## - SOURCE DATA FOUND
- Source citation: Work cat.: (NUST)0: Jahangir's world times.
